| 000 | 00440nam a22001697a 4500 | ||
|---|---|---|---|
| 003 | CEME | ||
| 005 | 20210628201707.0 | ||
| 008 | 210215b xxu||||| |||| 00| 0 eng d | ||
| 040 | _c. | ||
| 082 | _a351.1 EST | ||
| 100 |
_aGovernment Of Pakistan _956375 |
||
| 245 | _aEstacode civil establishment code 2000 | ||
| 260 |
_aISLAMABAD _bGOVERNMENT OF PAKISTAN _c2000 |
||
| 300 | _aIXIX,1353P | ||
| 650 |
_aESTACODE _956376 |
||
| 942 |
_cBK _2ddc |
||
| 999 |
_c566816 _d566816 |
||